000 004290000a22001690004500
003 MACL
005 20151230123241.0
008 151230b xxu||||| |||| 00| 0 eng d
040 _aMACL
_cMACL
041 _aEnglish
082 _a307/GAN
100 _aGandhi, M K
_98264
245 _aWomen and Social Injustice
260 _bNavajivan Publishing House
_c1954
650 _asociology Science
_917652
942 _cBK
_k307/Gan
_2ddc
999 _c34631
_d34631